000 004490000a22001810004500
003 MACL
005 20160119170910.0
008 160119b xxu||||| |||| 00| 0 eng d
040 _aMACL
_cMACL
041 _aEnglish
082 _a004.6/GAS
100 _aGasmin, James E
_933367
245 _aMastering Net 6
260 _bBP B Publications
_c2002
_aNew Delhi
350 _a390
650 _aComputer programing
_933180
942 _cBK
_k005/Gas
_2ddc
999 _c32968
_d32968